Литература двух Америк. № 15 (Запись № 12870201)

Подробности
000 -МАРКЕР
контрольное поле 00960nam2a2200205 4500
001 - ИДЕНТИФИКАТОР ЗАПИСИ
контрольное поле RU\NLR\PER_A\011382920_000290
005 - ИДЕНТИФИКАТОР ВЕРСИИ
контрольное поле 20250625140228.0
035 ## - ДРУГИЕ СИСТЕМНЫЕ НОМЕРА
Идентификатор записи (NLR Aleph) 022142612
100 ## - ДАННЫЕ ОБЩЕЙ ОБРАБОТКИ
Данные общей обработки 20240219d2023 |||y0rusy50 ca
101 0# - ЯЗЫК РЕСУРСА
Язык текста, звукозаписи и т.д. русский
102 ## - СТРАНА ПУБЛИКАЦИИ ИЛИ ПРОИЗВОДСТВА
Страна публикации Российская Федерация
200 0# - ЗАГЛАВИЕ И СВЕДЕНИЯ ОБ ОТВЕТСТВЕННОСТИ
Основное заглавие № 15
210 ## - ПУБЛИКАЦИЯ, РАСПРОСТРАНЕНИЕ И ДР.
Дата издания, распространения и т.д. 2023
Место издания, распространения и т.д. Б. м.
461 #0 - УРОВЕНЬ НАБОРА
Встроенное поле 001RU\NLR\BIBL_A\011382920
-- 2001#$aЛитература двух Америк$dLiterature of the Americas$dLiteratura de Américas$eисторико-литературный журнал$eрецензируемый научный журнал$zeng$zspa$v№ 15
Системный номер (АБИС) связанной записи 11411329
Место публикации Москва
Дата публикации 2016 -
Параллельное заглавие Literature of the Americas
Имя издателя, распространителя и т.д. [б. и.]
Сведения, относящиеся к заглавию историко-литературный журнал : рецензируемый научный журнал
Заглавие Литература двух Америк
ISSN 2541-7894
Номер тома № 15
852 ## - МЕСТОНАХОЖДЕНИЕ И ШИФР ХРАНЕНИЯ
Идентификатор организации NLR
Шифр хранения (Call Number) П34/2337
942 ## - ДОПОЛНИТЕЛЬНЫЕ ЭЛЕМЕНТЫ ЗАПИСИ (АБИС)
Тип экземпляра АБИС Выпуск
980 ## - КОЛЛЕКЦИЯ
Название коллекции Национальная библиография
980 ## - КОЛЛЕКЦИЯ
Название коллекции Русская периодика

Нет доступных экземпляров.